00485 2200193 4500001002100000005001500021008004100036020002200077035001900099041000700118082001100125090001700136100001800153245003400171260002400205300002100229500001000250650003100260INLIS00000000000481620241224113001241224||||||||| | ||| |||| || |  a978-602-17535-9-0 0010-1224004816 aid0 a782.43 a782.43 MEL p0 akarina melodi00apanduan lagu daerah indonesia bINFRA PUSTAKAc2013 avi,150hlm.;18 cm acet.1 0ailmu kesenian dan olahraga